Lugares y tiempos en la Biblioteca Castro. (Record no. 174600)

MARC details
000 -LEADER
campo de control de longitud fija 01400nam a2200301 i 4500
001 - NÚMERO DE CONTROL
campo de control 174600
003 - IDENTIFICADOR DE NÚMERO DE CONTROL
campo de control ES-MaACL
005 - FECHA Y HORA DE LA ÚLTIMA TRANSACCIÓN
campo de control 20251118181727.0
008 - DATOS DE LONGITUD FIJA--INFORMACIÓN GENERAL
campo de control de longitud fija 100510s2002 sp af |||| | spa d
080 ## - NÚMERO DE LA CLASIFICACIÓN DECIMAL UNIVERSAL
Número de la Clasificación Decimal Universal 821.134.2(082.2)
245 00 - MENCIÓN DEL TÍTULO
Título Lugares y tiempos en la Biblioteca Castro.
250 ## - MENCION DE EDICION
Mención de edición Ed. no venal.
260 ## - PUBLICACIÓN, DISTRIBUCIÓN, ETC.
Lugar de publicación, distribución, etc. Madrid :
Nombre del editor, distribuidor, etc. Fundación José Antonio de Castro,
Fecha de publicación, distribución, etc. 2002.
300 ## - DESCRIPCIÓN FÍSICA
Extensión VIII, 94 p. :
Otras características físicas il. col. ;
Dimensiones 24 cm.
490 1# - MENCIÓN DE SERIE
Mención de serie Biblioteca Castro
594 ## - Nota al título y mención de responsabilidad
Nota al título y mención de responsabilidad Selección de fragmentos de obras de: Juan Pérez de Montalbán ; Benito Pérez Galdós ; Gustavo Adolfo Bécquer ; Alfonso X El Sabio ; Jorge de Montemayor ; Luis de Góngora ; Juan Antonio Gaya Nuño ; Mariano José de Larra ; Juan Solórzano Pereira ; Antonio de Torquemada ; Rosalía de Castro ; Miguel de Unamuno.
596 ## - NOTA AL PIE DE IMPRENTA
NOTA AL PIE DE IMPRENTA Obsequio de la Fundación José Antonio de Castro.
599 ## - NOTA A LAS ILUSTRACIONES
NOTA A LAS ILUSTRACIONES Ilustrado con: 1 lám. de J. Gutiérrez Solana y 7 lám. de Pieter Brueghel.
650 #7 - PUNTO DE ACCESO ADICIONAL DE MATERIA--TÉRMINO DE MATERIA
Término de materia o nombre geográfico como elemento de entrada Literatura española
Fuente del encabezamiento o término embne
9 (RLIN) 14539
650 #4 - PUNTO DE ACCESO ADICIONAL DE MATERIA--TÉRMINO DE MATERIA
Término de materia o nombre geográfico como elemento de entrada Literatura española-
Subdivisión general Temas.
9 (RLIN) 14575
700 1# - ENTRADA AGREGADA--NOMBRE PERSONAL
Nombre de persona Pérez de Montalbán, Juan,
Fechas asociadas al nombre 1602-1638
9 (RLIN) 90793
700 1# - ENTRADA AGREGADA--NOMBRE PERSONAL
Nombre de persona Pérez Galdós, Benito,
Fechas asociadas al nombre 1843-1920
9 (RLIN) 90871
700 1# - ENTRADA AGREGADA--NOMBRE PERSONAL
Nombre de persona Bécquer, Gustavo Adolfo,
Fechas asociadas al nombre 1836-1870
9 (RLIN) 26974
710 2# - ENTRADA AGREGADA--NOMBRE DE ENTIDAD CORPORATIVA
Nombre de entidad corporativa o nombre de jurisdicción como elemento de entrada Fundación José Antonio de Castro.
9 (RLIN) 4339
830 1# - PUNTO DE ACCESO ADICIONAL DE SERIE-TÍTULO UNIFORME
Título uniforme Biblioteca Castro
9 (RLIN) 178957
852 4# - LOCALIZACIÓN
Ubicación ES-MaACL
Número de control de estantería C-57208
Holdings
Estatus retirado Estado de pérdida Estado de daño No para préstamo Biblioteca de origen Biblioteca actual Ubicación en estantería Fecha de adquisición Fuente de adquisición Total de préstamos Signatura topográfica completa Código de barras Visto por última vez Precio de reemplazo Tipo de ítem Koha
        Biblioteca del Ateneo de Madrid Biblioteca del Ateneo de Madrid Depósito 2 10/05/2010     C-57208 1183293 23/02/2023 23/02/2023 Libro impreso